| 000 | 00354nam a22001577a 4500 | ||
|---|---|---|---|
| 003 | SGT | ||
| 020 | _a978-81-7132-875-8 | ||
| 082 |
_a646.7 _bYAD |
||
| 100 | _aYADAV, M.P. | ||
| 245 | _aFOOD PROCESSING TECHNOLOGY | ||
| 250 | _a1ST | ||
| 260 |
_aINDIA _bPOINTER PUB. _c2022 |
||
| 300 | _a252 | ||
| 650 | _aFOOD PROCESSING TECHNOLOGY | ||
| 942 |
_2ddc _cBK |
||
| 999 |
_c28567 _d28567 |
||